| 000 | 00425cam a2200181ua 4500 | ||
|---|---|---|---|
| 001 | 1820 | ||
| 008 | 110811n ii |||gr||||Z||||||eng | ||
| 040 | _cMAIN | ||
| 082 | _a370.15 | ||
| 245 | 1 |
_aEducational psychology. _cBy Vatsyayan. |
|
| 250 | _a4th. | ||
| 260 |
_aMerrut: _bKedar Nath. |
||
| 300 |
_a332 p.: _c23 cm. |
||
| 653 | _aEducation. | ||
| 653 | _aPsychology of education. | ||
| 700 | _aVatsyayan., | ||
| 942 | _cBK | ||
| 999 |
_c1704 _d1704 |
||